| 000 | 00558nam a22001937a 4500 | ||
|---|---|---|---|
| 003 | 0 | ||
| 005 | 20240925085738.0 | ||
| 008 | 240925b xxu||||| |||| 00| 0 eng d | ||
| 022 | _29788119920624 | ||
| 050 |
_aPN 51 _b.H37 2024 |
||
| 100 |
_aHarris, Lauge, _eauthor. |
||
| 245 |
_aSociology of literature / _cLauge Harris. |
||
| 250 | _a1st ed. | ||
| 260 |
_aNew Delhi : _bVenus Books, _c2024. |
||
| 300 |
_aix, 290 p. : _bill. ; _c25 cm. |
||
| 504 | _aIncludes bibliographical references and index. | ||
| 650 | _aLiterature and society. | ||
| 942 |
_2lcc _cBK |
||
| 999 |
_c366386 _d366386 |
||